Breaking down diplomacy: An insider's guide to the art of negotiation. (Record no. 1019)

MARC details
000 -LEADER
fixed length control field 00522nam a2200169Ia 4500
008 - FIXED-LENGTH DATA ELEMENTS--GENERAL INFORMATION
fixed length control field 240428s9999||||xx |||||||||||||| ||und||
020 ## - INTERNATIONAL STANDARD BOOK NUMBER
International Standard Book Number 9781569027486
041 ## - LANGUAGE CODE
Language code of text/sound track or separate title eng
082 ## - DEWEY DECIMAL CLASSIFICATION NUMBER
Classification number 327.1OS
100 ## - MAIN ENTRY--PERSONAL NAME
Personal name Osei-Danquah, Kwabena
245 #0 - TITLE STATEMENT
Title Breaking down diplomacy: An insider's guide to the art of negotiation.
260 ## - PUBLICATION, DISTRIBUTION, ETC.
Name of publisher, distributor, etc. African World Press, Inc.
Place of publication, distribution, etc. Trenton, New Jersey
Date of publication, distribution, etc. 2021
300 ## - PHYSICAL DESCRIPTION
Extent xii,250p
650 ## - SUBJECT ADDED ENTRY--TOPICAL TERM
Topical term or geographic name entry element Diplomatic negotiations in international disputes. - Negotiation.
942 ## - ADDED ENTRY ELEMENTS (KOHA)
Koha item type Books
Holdings
Withdrawn status Lost status Damaged status Not for loan Home library Current library Shelving location Date acquired Total checkouts Full call number Date last seen Copy number Price effective from Koha item type
        Main Library Main Library Open Shelves 05/04/2022   327.1OS 1720 C1 29/04/2024 1 29/04/2024 Books
©2026  Parliament of Ghana Library - All rights reserved